000 00655nam a2200217Ia 4500
001 17300
003 GE_BSU
008 181216s||||||||xx |||||||||||||| ||und||
040 _cGE_BSU
080 _a821.353.1-31
100 _aლისაშვილი,იაკინთე
245 _aკეცხოველი
245 _bრომანი
245 _cრედ.:ილ.ხოშტარია;მხატვ.:ბ. ხავთასი
260 _aთბილისი
260 _bსაბჭ.საქართველო
260 _c1964
300 _a482გვ.;21სმ.
653 _aრომანი
942 _cBK
999 _c50359
_d50359